| 000 | 00375 a2200169 4500 | ||
|---|---|---|---|
| 001 | 195352 | ||
| 020 | _a978-85-431-0523-9 | ||
| 040 | _cMagnum | ||
| 100 | _aMiller, Rachel Wilkerson | ||
| 240 | 1 | 0 |
_aDiário em tópicos _lpor |
| 245 | 1 | 0 | _aDiário em tópicos |
| 300 | _a256 | ||
| 362 | 0 | _a2017 | |
| 440 | 1 | _aSextante | |
| 697 | _aMAGNITO: ADMINISTRACAO | ||
| 942 | _cBK | ||
| 999 |
_c195352 _d195352 |
||